| 000 | 00455cam a2200181 4500 | ||
|---|---|---|---|
| 001 | D5914 | ||
| 008 | 090401t1969 xxu||||| |||| 00| 0 eng d | ||
| 035 | _a(Sirsi) u98225 | ||
| 041 | _aeng | ||
| 050 | _a331.2166 | ||
| 110 |
_aInstitute of Quantity Surveyors _92491 |
||
| 245 | _aMemorandum on scales nos. 36 and 37 of professional charges | ||
| 260 |
_aLondon _bIQS _c1969 |
||
| 300 | _a13p. 21cm | ||
| 350 | _a0 | ||
| 942 | _n0 | ||
| 948 | _c04/03/1997 | ||
| 999 |
_c99123 _d99123 |
||